Surveying and Dating Post-Glacial Lake Shorelines in New Zealand (Record no. 121766)
[ view plain ]
| 000 -LEADER | |
|---|---|
| fixed length control field | 01704cam a2200301 4500 |
| 008 - FIXED-LENGTH DATA ELEMENTS--GENERAL INFORMATION | |
| fixed length control field | 240105t2013 xxk 000 0 eng u |
| 041 ## - LANGUAGE CODE | |
| Language code of text/sound track or separate title | eng |
| 110 2# - MAIN ENTRY--CORPORATE NAME | |
| Corporate name or jurisdiction name as entry element | Royal Institution of Chartered Surveyors |
| 9 (RLIN) | 4900 |
| 245 00 - TITLE STATEMENT | |
| Title | Surveying and Dating Post-Glacial Lake Shorelines in New Zealand |
| Medium | [electronic resource] |
| 260 ## - PUBLICATION, DISTRIBUTION, ETC. | |
| Place of publication, distribution, etc. | London, |
| Name of publisher, distributor, etc. | RICS, |
| Date of publication, distribution, etc. | 2013 |
| 300 ## - PHYSICAL DESCRIPTION | |
| Extent | 27p. |
| 490 #0 - SERIES STATEMENT | |
| Series statement | RICS Research |
| 520 ## - SUMMARY, ETC. | |
| Summary, etc. | Natural fluctuations in Earth’s climate, between cold ‘glacial’ <br/>and warm ‘interglacial’ periods, produce a wide range of <br/>changes to the Earth’s surface. One of these changes is <br/>related to glacial isostatic adjustment (GIA), which is a <br/>phenomenon whereby the loading and unloading of the <br/>Earth’s crust and mantle due to the growth and retreat <br/>of large ice sheets induces regional deformation. The towns of Queenstown, Glenorchy, Frankton, and <br/>Kingston are located on the shores of Lake Wakatipu. <br/>They are popular tourist destinations and have significant <br/>flood and earthquake hazards. This study was focused on <br/>identifying evidence of post-glacial rebound and a history <br/>of lake level changes that may influence ongoing hazards in <br/>the region. |
| 522 ## - GEOGRAPHIC COVERAGE NOTE | |
| Geographic coverage note | Scotland |
| 650 24 - SUBJECT ADDED ENTRY--TOPICAL TERM | |
| Topical term or geographic name entry element | GLACIERS |
| 650 24 - SUBJECT ADDED ENTRY--TOPICAL TERM | |
| Topical term or geographic name entry element | CLIMATE CHANGE |
| 650 24 - SUBJECT ADDED ENTRY--TOPICAL TERM | |
| Topical term or geographic name entry element | SHORELINES |
| 651 #4 - SUBJECT ADDED ENTRY--GEOGRAPHIC NAME | |
| Geographic name | New Zealand |
| 662 ## - SUBJECT ADDED ENTRY--HIERARCHICAL PLACE NAME | |
| Country or larger entity | New Zealand |
| 690 ## - LOCAL SUBJECT ADDED ENTRY--TOPICAL TERM (OCLC, RLIN) | |
| Topical term or geographic name as entry element | RICS |
| 9 (RLIN) | 6277 |
| 700 1# - ADDED ENTRY--PERSONAL NAME | |
| Personal name | Cook, Simon |
| 700 1# - ADDED ENTRY--PERSONAL NAME | |
| Personal name | McColl, Sam |
| 700 1# - ADDED ENTRY--PERSONAL NAME | |
| Personal name | Stahl, Timothy |
| 700 1# - ADDED ENTRY--PERSONAL NAME | |
| Personal name | Eriksson, Clare |
| 700 1# - ADDED ENTRY--PERSONAL NAME | |
| Personal name | Johal, Amanprit |
| 856 48 - ELECTRONIC LOCATION AND ACCESS | |
| Uniform Resource Identifier | <a href="http://www.propertyresearchtrust.org/uploads/1/3/4/8/134819607/post-glacial_lake_shorelines.pdf">http://www.propertyresearchtrust.org/uploads/1/3/4/8/134819607/post-glacial_lake_shorelines.pdf</a> |
| Public note | Available from the Property Research Trust |
| 942 ## - ADDED ENTRY ELEMENTS (KOHA) | |
| Suppress in OPAC | 0 |
| Source of classification or shelving scheme | Dewey Decimal Classification |
| Withdrawn status | Lost status | Damaged status | Not for loan | Home library | Current library | Shelving location | Date acquired | Total Checkouts | Date last seen | Price effective from | Koha item type |
|---|---|---|---|---|---|---|---|---|---|---|---|
| Virtual | Virtual | Online | 05/01/2024 | 05/01/2024 | 05/01/2024 | Online material |